| 000 | 00678nam a2200241Ia 4500 | ||
|---|---|---|---|
| 003 | OSt | ||
| 005 | 20220918221645.0 | ||
| 006 | a|||||r|||| 00| 0 | ||
| 007 | ta | ||
| 008 | 220917b |||||||| |||| 00| 0 eng d | ||
| 024 | _a202,408 | ||
| 037 | _cTextual | ||
| 040 |
_aARTS _cARTS _beng |
||
| 041 |
_2eng _aeng |
||
| 082 | _aV236,4.N47<-N23, N9 | ||
| 100 |
_aTanwar Raghuvendra _925560 |
||
| 245 | 0 |
_aPolitics of sharing power _b the Punjab unionist party 1923-1947 |
|
| 260 |
_aNew Delhi _bManohar _c1999 |
||
| 300 |
_a215p _ccm. |
||
| 650 | _aHISTORY | ||
| 942 |
_hV236,4.N47<-N23, N9 _cTEXL _2CC |
||
| 999 |
_c273294 _d273294 |
||